Chemical engineering computing.

Guardado en:
Autores Corporativos: American Institute of Chemical Engineers., American Institute of Chemical Engineers. National Program Committee., American Institute of Chemical Engineers. Machine Computation Committee.
Formato: Libro
Idioma:English
Publicado: New York : American Institute of Chemical Engineers, 1972.
Materias:
Etiquetas: Agregar Etiqueta
Sin Etiquetas, Sea el primero en etiquetar este registro!
LEADER 01410nam a22002895a 4500
001 EIQ.libpla001588
008 800213s19729999nyuao####b####100#0#eng#d
005 20061113161029.0
245 0 0 |a Chemical engineering computing. 
260 |a New York :  |b American Institute of Chemical Engineers,  |c 1972. 
300 |a v. :  |b il., fotos ;  |c 28 cm. 
500 |a "An AIChE workshop." 
500 |a "Sponsored by the National Program Committee and the Machine Computation Committee of the institute." 
504 |a Incluye referencias bibliográficas. 
505 1 |a v. 1. Overview: the present. Research. Education. Optimization theory & applications -- v. 2. Process analysis & design. Operations. Information handling. Overview: the future. 
710 2 |a American Institute of Chemical Engineers. 
710 2 |a American Institute of Chemical Engineers.  |b National Program Committee. 
710 2 |a American Institute of Chemical Engineers.  |b Machine Computation Committee. 
082 0 0 |a 660.2/028/54 
650 4 |a Ingeniería química  |x Congresos. 
650 4 |a Ingeniería química  |x Procesamiento de datos. 
650 4 |a Chemical engineering  |x Congresses. 
650 4 |a Chemical engineering  |x Data processing. 
010 |a  80450101  
040 |a DLC  |c DLC  |d AR-BbSID 
859 |a AR-BbSID  |b BIB. PLAPIQUI  |h 660.028 5  |i Am 35  |p 2903  |v Vol. 1  |3 Vol. 1 
859 |a AR-BbSID  |b BIB. PLAPIQUI  |h 660.028 5  |i Am 35  |p 2904  |v Vol. 2  |3 Vol. 2